000 00828nam a2200205Ia 4500
003 IN-BaIIA
008 211028s9999 xx 000 0 eng d
020 _a981-02-4255-7
040 _cIIA Library
080 _a524
_bGUR
111 _aICRA Network Workshop on the Chaotic Universe
_n2
_cRome, Italy
_d1999 Feb. 1-5
_924045
245 4 _aThe chaotic universe
_bproceedings of the second ICRA network workshop on the chaotic universe, held in Rome, Italy, 1-5 Feb 1999
_cedited by V. G. Gurzadyan and R. Ruffini
260 _aSingapore
_bWorld Scientific
_c2000
300 _a]xiii, 668p.
490 _aAdvanced Series in Astrophysics and Cosmology, Vol. 10
650 _aUniverse
_91987
700 _aGurzadyan, V. G., ed.
_924046
700 _aRuffini, R., ed.
_910597
942 _cBK
999 _c13685
_d13685